| 000 | 00708nam a2200217 a 4500 | ||
|---|---|---|---|
| 001 | 383 | ||
| 005 | 20221127085927.0 | ||
| 008 | 050920s lxxua 00000 eng d | ||
| 020 |
_a007005567X : _cSR90.00 |
||
| 035 | _a396 | ||
| 082 | 0 | 4 |
_a658 _bB548 1988 |
| 100 | 1 | _aBittel, Lester R. | |
| 245 | 1 | 0 |
_aBusiness model and activity file for business in action / _cLester Bittel, Ronald Burke, Charles Bilbrey. |
| 250 | _a3rd ed. | ||
| 260 |
_aNew York : _bGregg Division/McGraw-Hill, _c1988. |
||
| 300 |
_avi, 216 p. : _bill. ; _c26 cm. |
||
| 650 | 4 |
_aIndustrial management _zUnited States |
|
| 650 | 4 | _aBusiness enterprises | |
| 700 | 1 |
_aBurke, Ronald S., _ejt. auth. |
|
| 700 | 1 |
_aBilbrey, Charles P., _ejt. auth. |
|
| 999 |
_c383 _d383 |
||